Add a Letter #2 - Statistics

General Stats
  • This quiz has been taken 13 times
  • The average score is 17 of 27
Answer Stats
Hint Answer % Correct
A barely passing grade D
100%
Between so and ti La
100%
Indefinite article, singular A
91%
The rarest blood type AB
91%
The entirety of All
91%
A small, winged mammal Bat
91%
Perform an action Do
91%
Short for Dorothy Dot
91%
CC divided by IV L
91%
To plunge a knife or sharp object into Stab
91%
Of high stature Tall
91%
To moisten meat by using its own juices or fat Baste
82%
To give excessive attention to Dote
82%
Ring-shaped reefs Atolls
73%
Not present Absent
64%
Well known or documented Noted
64%
An underhand variant of baseball Softball
64%
Written votes Ballots
55%
To give or apportion a part of a task or resource Allot
45%
Indicate Denote
45%
Kicking instruments used in another popular sport Footballs
45%
Truncated Shortened
27%
Staircase structure Banister
18%
To remove from a position of power Dethrone
18%
When one exchanges teasing remarks, one Banters
9%
Something that erodes Erodent
9%
City folk Urbanites
9%
No matching quizzes found
Score Distribution
Percent of People with Each Score
Percentile by Number Answered
Your Score History
You have not taken this quiz